000 00345nam a2200145Ia 4500
008 230917s9999||||xx |||||||||||||| ||und||
040 _e127357
_aMAIN
041 _aEnglish
082 _a820.9 S49E
100 _aStewart, J I M
245 0 _aEight modern writers
260 _aLondon
_bClarendo Press
_c1963
300 _a704 p.
942 _cBK
999 _c225336
_d225336